[Event "Memorial J.Capablanca (b)"]
[Site "masterchessopen.com Habana (Cuba)"]
[Round "11"]
[White "Herrera Irisberto (ESP)"]
[Black "Franco Ocampos Zenon (PAR)"]
[Result "0-1"]
[WhiteElo "2425"]
[BlackElo "2485"]

1.e4 c5 2.Nf3 Nc6 3.d4 cxd4 4.Nxd4 Nf6 5.Nc3 d6 6.Bg5 Bd7 7.Qd2 Rc8 8.f4 h6
9.Bxf6 gxf6 10.O-O-O Nxd4 11.Qxd4 Qa5 12.Kb1 Qc5 13.Qd2 Bg7 14.f5 h5 15.Be2
Bh6 16.Qd5 Qxd5 17.Nxd5 h4 18.Rd3 Bg5 19.Rf1 Rh6 20.Rdf3 Bc6 21.Bc4 Kd7 22.Rd3
e6 23.fxe6+ fxe6 24.Nf4 Bxf4 25.Rxf4 Rg8 26.b4 a6 27.Rh3 Rxg2 28.Rfxh4 Rxh4
29.Rxh4 Rg7 30.Kb2 Ke7 31.Kc3 b5 32.Bb3 e5 33.Kd3 Bd7 34.Bd5 f5 35.Bb7 Rg2
36.Rh7+ Kd8 37.Rf7 fxe4+ 38.Kxe4 Rxc2 39.h4 Rc4+ {#R} 0-1

[Event "Ch Europe (juniors) (under 16) (g)"]
[Site "masterchessopen.com Mureck (Austria)"]
[Round "6"]
[White "Gara Anita (HUN)"]
[Black "Matnadze Ana (GEO)"]
[Result "0-1"]
[WhiteElo "2290"]
[BlackElo "2280"]

1.e4 c5 2.Nf3 d6 3.d4 cxd4 4.Nxd4 Nf6 5.Nc3 Nc6 6.Bg5 Bd7 7.Qd2 Rc8 8.O-O-O
Nxd4 9.Qxd4 Qa5 10.f4 Rxc3 11.bxc3 e5 12.Qb4 Qxb4 13.cxb4 Nxe4 14.Bh4 g5
15.Re1 gxh4 16.Rxe4 Bh6 17.Bc4 Bc6 18.Re2 h3 19.b5 Bxg2 20.Rg1 Bxf4+ 21.Kb1
Rg8 22.Bd5 Bxh2 23.Rd1 Bxd5 24.Rxh2 Bg2 25.Rxd6 Rg6 26.Rd3 e4 27.Ra3 Re6
28.Kc1 e3 29.Kd1 f5 30.Rb3 f4 31.Rb1 f3 32.a4 e2+ 33.Ke1 Rd6 34.a5 Rd1+
35.Rxd1 exd1=Q+ 36.Kxd1 f2 {#R} 0-1

[Event "It"]
[Site "masterchessopen.com Ostrava (Czech Republic)"]
[Round "0"]
[White "Hitzgerova Gabriela (CZE)"]
[Black "Michenka Jozef (CZE)"]
[Result "1-0"]
[WhiteElo "2210"]
[BlackElo "2315"]

1.e4 c5 2.Nf3 Nc6 3.d4 cxd4 4.Nxd4 Nf6 5.Nc3 d6 6.Bg5 Bd7 7.Qd2 Nxd4 8.Qxd4
Qa5 9.Bd2 Qc7 10.Bc4 e6 11.a4 Be7 12.Bb3 O-O 13.O-O Rfd8 14.Bg5 Qa5 15.Qd2 Kh8
16.f3 Bc6 17.Kh1 h6 18.Bf4 Qh5 19.Ne2 e5 20.Ng3 Qg6 21.Nf5 Bf8 22.Bg3 d5
23.Bxe5 dxe4 24.Qf4 exf3 25.gxf3 Kh7 26.Rg1 Qh5 27.Raf1 g5 28.Qg3 Nd5 29.c3
Bc5 30.Bc2 Kg8 31.Ng7 Qh4 32.Qxh4 gxh4 33.Ne6+ {#r} 1-0

[Event "It (open)"]
[Site "masterchessopen.com Pula (Croatia)"]
[Round "2"]
[White "Socko Bartosz (POL)"]
[Black "Jovanovic Zoran (CRO)"]
[Result "1-0"]
[WhiteElo "2475"]
[BlackElo "2260"]

1.e4 c5 2.Nf3 d6 3.d4 cxd4 4.Nxd4 Nf6 5.Nc3 Nc6 6.Bg5 Bd7 7.Qd2 Nxd4 8.Qxd4
Qa5 9.f4 e5 10.Qd2 Be7 11.O-O-O Bc6 12.Kb1 Qc5 13.Bd3 h6 14.Bxf6 Bxf6 15.f5 b5
16.h4 Bd8 17.Ne2 Bb6 18.Rh3 O-O-O 19.Nc3 Ba5 20.Bf1 d5 21.Qe2 dxe4 22.Re1 a6
23.Nxe4 Qd4 24.Nc3 f6 25.a4 Kc7 26.axb5 Rb8 27.Rd1 Qc5 28.Qg4 axb5 29.Qxg7+
Kb6 30.Qxf6 Rbf8 31.Qe6 {#r} 1-0

[Event "Ch RLP (juniors) (under 17)"]
[Site "masterchessopen.com Sargenroth (Germany)"]
[Round "3"]
[White "Suderland Marc"]
[Black "Baum Christian (GER)"]
[Result "0-1"]
[WhiteElo "1915"]
[BlackElo "2156"]

1.e4 c5 2.Nf3 d6 3.d4 cxd4 4.Nxd4 Nf6 5.Nc3 Nc6 6.Bg5 Bd7 7.Qd2 Rc8 8.f4 Nxd4
9.Qxd4 Qa5 10.Bxf6 gxf6 11.Be2 Rg8 12.O-O f5 13.Rad1 Bg7 14.e5 Be6 15.Bb5+ Kf8
16.Rfe1 Rxc3 17.bxc3 Qxb5 18.Qxa7 Bh6 19.exd6 Qc6 20.dxe7+ Kxe7 21.Qf2 Rg4
22.Rb1 Bxf4 23.Rb4 Qxc3 24.Rxe6+ fxe6 25.Rxf4 Qa1+ 26.Qf1 Qxa2 27.Rxg4 fxg4
28.Qd3 Qa7+ 29.Kf1 Qa6 30.Ke2 Qxd3+ 31.Kxd3 e5 32.Ke4 Ke6 33.h3 gxh3 34.gxh3
Kf6 35.h4 h5 36.c4 Ke6 37.c5 Kf6 {#R} 0-1

[Event "It (open)"]
[Site "masterchessopen.com St. Lo (France)"]
[Round "0"]
[White "Rodon Gurvan (FRA)"]
[Black "Molnar Bela (HUN)"]
[Result "0-1"]
[WhiteElo "2004"]
[BlackElo "2340"]

1.e4 c5 2.Nf3 Nc6 3.d4 cxd4 4.Nxd4 Nf6 5.Nc3 d6 6.Bg5 Bd7 7.Qd2 Nxd4 8.Qxd4 h6
9.Bxf6 gxf6 10.O-O-O Qa5 11.f4 Rc8 12.Be2 Qc5 13.f5 h5 14.Rhf1 Qxd4 15.Rxd4 e6
16.fxe6 fxe6 17.Rd3 Ke7 18.Rh3 Rc5 19.Rhf3 Bh6+ 20.Kb1 Bg5 21.b4 Re5 22.Bd3
Rg8 23.R1f2 h4 24.Kb2 Be8 25.Bc4 Bh5 26.Rd3 Bg6 27.Re2 Rc8 28.Rd4 Bf4 29.h3
Rg5 30.Bd5 Be5 31.Rc4 Rxc4 32.Bxc4 Rg3 33.Bd3 d5 34.Kb3 Bxc3 {#R} 0-1

[Event "It (open)"]
[Site "masterchessopen.com Zagreb (Croatia)"]
[Round "0"]
[White "Feletar Darko (CRO)"]
[Black "Jovanovic Zivojin (SRB)"]
[Result "1-0"]
[WhiteElo "2355"]
[BlackElo "2350"]

1.e4 c5 2.Nf3 Nc6 3.d4 cxd4 4.Nxd4 Nf6 5.Nc3 d6 6.Bg5 Bd7 7.Qd2 Nxd4 8.Qxd4 h6
9.Bxf6 gxf6 10.O-O-O Qa5 11.f4 Rg8 12.f5 O-O-O 13.Qc4+ Kb8 14.Qxf7 Rg4 15.g3
Rc8 16.Bd3 Bc6 17.Rhe1 Qc5 18.Kb1 b5 19.Qb3 Rc7 20.Bxb5 Rb7 21.Qf7 Bxb5 {#r}
1-0

[Event "It (cat.2)"]
[Site "masterchessopen.com Budapest (Hungary)"]
[Round "3"]
[White "Jamrich Gyorgy (HUN)"]
[Black "Ruiz Gonzalez Guillermo (MEX)"]
[Result "1-0"]
[WhiteElo "2189"]
[BlackElo "2309"]

1.e4 c5 2.Nf3 d6 3.d4 cxd4 4.Nxd4 Nf6 5.Nc3 Nc6 6.Bg5 Bd7 7.Qd2 Nxd4 8.Qxd4 h6
9.Bxf6 gxf6 10.O-O-O Qa5 11.Nd5 Rc8 12.Kb1 Qc5 13.Qd2 Bg7 14.f4 f5 15.e5 Be6
16.exd6 exd6 17.c3 Kf8 18.Be2 a5 19.Bf3 b5 20.Rhe1 Rb8 21.a3 h5 22.Re3 Bh6
23.Rd3 Qc4 24.Qe3 b4 25.Qa7 Re8 26.axb4 axb4 27.Nxb4 Qxf4 28.g3 Qe5 29.Qc7 Qc5
30.Qxd6+ Qxd6 31.Rxd6 Bb3 32.Nc2 {#r} 1-0

[Event "It (open)"]
[Site "masterchessopen.com Crans Montana (Switzerland)"]
[Round "2"]
[White "Luther Thomas (GER)"]
[Black "Schlichtmann Gisbert (GER)"]
[Result "1-0"]
[WhiteElo "2507"]
[BlackElo "2213"]

1.e4 c5 2.Nf3 d6 3.d4 cxd4 4.Nxd4 Nf6 5.Nc3 Nc6 6.Bg5 Bd7 7.Qd2 Nxd4 8.Qxd4 h6
9.Bxf6 gxf6 10.Bb5 Bxb5 11.Nxb5 Qa5+ 12.Nc3 Rg8 13.O-O e6 14.a4 a6 15.Qxf6 Bg7
16.Qf3 Rc8 17.Ra3 Bxc3 18.bxc3 Rg5 19.Rb1 b5 20.Qf6 Re5 21.g3 Rc4 22.Rbb3 Rxa4
23.Rxa4 Qxa4 24.c4 Qxc4 25.Rf3 Kd7 26.Qxf7+ Kc6 27.Qe8+ Kc5 28.Qc8+ Kb6
29.Qb8+ Kc6 30.Rc3 {#r} 1-0

[Event "It (cat.4) (young masters)"]
[Site "masterchessopen.com Groningen (Netherlands)"]
[Round "5"]
[White "Efimenko Zahar (UKR)"]
[Black "Matnadze Ana (GEO)"]
[Result "1-0"]
[WhiteElo "2332"]
[BlackElo "2280"]

1.e4 c5 2.Nf3 d6 3.d4 cxd4 4.Nxd4 Nf6 5.Nc3 Nc6 6.Bg5 Bd7 7.Qd2 Rc8 8.O-O-O
Nxd4 9.Qxd4 Qa5 10.Bd2 a6 11.a3 e5 12.Qd3 Qc7 13.Bg5 Be6 14.Bxf6 gxf6 15.Nd5
Bxd5 16.exd5 Qd7 17.g3 Bh6+ 18.Kb1 b5 19.Qf3 Ke7 20.Qh5 Qc7 21.Bd3 Bg7 22.f4
e4 23.Rhe1 f5 24.Qxf5 Rhe8 25.Rxe4+ Kf8 26.Rde1 Rxe4 27.Qxe4 Rb8 28.Ka2 a5
29.Re2 b4 30.a4 Qd8 31.Bb5 Bh8 32.Qf5 Qb6 33.Re4 Qc5 34.Rc4 Qg1 35.Rc7 b3+
36.cxb3 {#r} 1-0

[Event "Ch Hungary (team) 1999/00 (2 liga)"]
[Site "masterchessopen.com Hungary"]
[Round "2"]
[White "Kelemen Gabor (HUN)"]
[Black "Tamas Gyorgy (HUN)"]
[Result "1-0"]
[WhiteElo "2189"]
[BlackElo "2164"]

1.e4 c5 2.Nf3 Nc6 3.d4 cxd4 4.Nxd4 Nf6 5.Nc3 d6 6.Bg5 Bd7 7.Qd2 Rc8 8.O-O-O
Nxd4 9.Qxd4 Qa5 10.Bd2 a6 11.Bc4 Qb4 12.Bxf7+ {#r} 1-0

[Event "Tournament"]
[Site "masterchessopen.com Mexico"]
[Round "6"]
[White "Marquet Guillermo (MEX)"]
[Black "Villanueva Garciacano Manuel Ed (MEX)"]
[Result "1-0"]
[WhiteElo "2265"]
[BlackElo "1968"]

1.e4 c5 2.Nf3 d6 3.d4 cxd4 4.Nxd4 Nf6 5.Nc3 Nc6 6.Bg5 Bd7 7.Qd2 Rc8 8.O-O-O h6
9.Bxf6 gxf6 10.Kb1 Bg7 11.Nf5 Bxf5 12.exf5 Qa5 13.Bb5 O-O 14.Qe2 a6 15.Bxc6
bxc6 16.Qh5 Rb8 17.Rd3 Qb6 18.Nd1 Kh7 19.Re1 Rb7 20.Ree3 Qb4 21.Rb3 {#r} 1-0

[Event "It (open)"]
[Site "masterchessopen.com Nova Gorica (Slovenia)"]
[Round "2"]
[White "Zupe Miran (SLO)"]
[Black "Kozul Zdenko (CRO)"]
[Result "0-1"]
[WhiteElo "2385"]
[BlackElo "2612"]

1.e4 c5 2.Nf3 Nc6 3.d4 cxd4 4.Nxd4 Nf6 5.Nc3 d6 6.Bg5 Bd7 7.Qd2 Rc8 8.Nxc6
Bxc6 9.Bd3 a6 10.O-O-O e6 11.f3 Be7 12.h4 O-O 13.Ne2 b5 14.Kb1 Qc7 15.h5 Rfd8
16.g4 d5 17.exd5 Bxd5 18.Rhf1 Bc4 19.Nc1 h6 20.Bxf6 Bxf6 21.Qe2 Rd5 22.c3 Re5
23.Qf2 a5 24.Bxc4 Qxc4 25.Rd4 Qc6 26.Rfd1 b4 27.Rd6 Qe8 28.cxb4 axb4 29.Nb3
Qa4 30.f4 Rb5 31.R6d2 Ra8 32.Nc1 b3 33.a3 Qe4+ 34.Nd3 Rd5 35.Qe2 Qxe2 36.Rxe2
Rad8 37.Red2 e5 38.fxe5 Bxe5 {#R} 0-1

[Event "It (open)"]
[Site "masterchessopen.com Philadelphia (USA)"]
[Round "6"]
[White "Sarkar Justin (USA)"]
[Black "Lapshun Yury (USA)"]
[Result "1-0"]
[WhiteElo "2262"]
[BlackElo "2507"]

1.e4 c5 2.Nf3 d6 3.d4 cxd4 4.Nxd4 Nf6 5.Nc3 Nc6 6.Bg5 Bd7 7.Qd2 Rc8 8.O-O-O
Nxd4 9.Qxd4 Qa5 10.Bd2 e5 11.Qd3 d5 12.exd5 Ng4 13.Qg3 Bc5 14.h3 Nxf2 15.Qxg7
Bd4 16.Qxh8+ Ke7 17.Bg5+ Kd6 18.Qf6+ Kc7 19.Rxd4 Kb8 20.Qxf2 {#r} 1-0

[Event "Ch Yugoslavia (team)"]
[Site "masterchessopen.com Vrnjacka Banja (Serbia)"]
[Round "0"]
[White "Vuckovic Bojan (SRB)"]
[Black "Indjic Dusan (SRB)"]
[Result "1-0"]
[WhiteElo "2433"]
[BlackElo "2315"]

1.e4 c5 2.Nf3 Nc6 3.d4 cxd4 4.Nxd4 Nf6 5.Nc3 d6 6.Bg5 Bd7 7.Qd2 Rc8 8.O-O-O
Nxd4 9.Qxd4 Qa5 10.Bd2 a6 11.Kb1 Qc5 12.Qxc5 Rxc5 13.f3 e6 14.Be2 Be7 15.Bf4
Rc6 16.Rd2 O-O 17.e5 dxe5 18.Bxe5 Bc8 19.Rhd1 b5 20.Bd6 Bxd6 21.Rxd6 Bb7 22.a4
Rxd6 23.Rxd6 b4 24.Rb6 bxc3 25.Rxb7 a5 26.b4 axb4 27.a5 g5 28.a6 Kg7 29.a7 Ra8
30.Bb5 Nd5 31.Bc6 b3 32.Rxf7+ Kxf7 {#r} 1-0

[Event "Ch Chess Club"]
[Site "masterchessopen.com Warsaw (Poland)"]
[Round "0"]
[White "Dukaczewski Piotr (POL)"]
[Black "Kasperkiewicz Pawel (POL)"]
[Result "1-0"]
[WhiteElo "2285"]
[BlackElo "2089"]

1.e4 c5 2.Nf3 Nc6 3.d4 cxd4 4.Nxd4 Nf6 5.Nc3 d6 6.Bg5 Bd7 7.Qd2 Nxd4 8.Qxd4
Qa5 9.Bd2 Qc7 10.Nb5 Qb8 11.Qc4 Bc6 12.Ba5 Bxb5 13.Qxb5+ Nd7 14.O-O-O a6
15.Qg5 Qa7 16.Bc4 Rc8 17.Bd5 Qc5 18.Bc3 e6 19.Rhe1 Be7 20.Qg3 exd5 21.exd5 Ne5
22.Qxg7 Kd7 23.f4 Rcg8 24.Qh6 Ng4 25.Qh5 Qf2 26.Qxf7 Qh4 27.g3 {#r} 1-0

[Event "Match \"]
[Site "masterchessopen.com Torun (Poland)"]
[Date "1999.12.12"]
[Round "1"]
[White "Wiese-Jozwiak Malgorzata (POL)"]
[Black "Maslowski Tomasz (POL)"]
[Result "0-1"]
[WhiteElo "2205"]
[BlackElo "2280"]

1.e4 c5 2.Nf3 Nc6 3.d4 cxd4 4.Nxd4 Nf6 5.Nc3 d6 6.Bg5 Bd7 7.Qd2 Rc8 8.O-O-O
Nxd4 9.Qxd4 Qa5 10.f4 Rxc3 11.Bxf6 Rc7 12.Bh4 Qxa2 13.Bd3 e5 14.Qd5 Qa1+
15.Kd2 Qxb2 16.Rb1 Qc3+ 17.Ke2 Be7 18.Bxe7 Kxe7 19.Rxb7 Bg4+ 20.Kf2 Qd2+
21.Kf1 Qxf4+ 22.Ke1 Qe3+ 23.Kf1 Rxb7 24.Qxb7+ Kf6 25.Rg1 Rc8 26.Qa6 Qd4 27.h3
Be6 {#R} 0-1

[Event "It (open)"]
[Site "masterchessopen.com Berlin (Germany)"]
[Round "8"]
[White "Jahnz Fabian (GER)"]
[Black "Fliter Irena (GER)"]
[Result "1-0"]
[WhiteElo "2169"]
[BlackElo "2096"]

1.e4 c5 2.Nf3 Nc6 3.d4 cxd4 4.Nxd4 Nf6 5.Nc3 d6 6.Bg5 Bd7 7.Qd2 Rc8 8.O-O-O
Nxd4 9.Qxd4 Qa5 10.f4 Rxc3 11.bxc3 e5 12.Qc4 Ng4 13.Rd5 Qa3+ 14.Kd2 h6 15.Bh4
exf4 16.Qc7 g5 17.Ra5 Qb2 18.Rxa7 Ne5 19.Rxb7 Qxa2 20.Bb5 gxh4 21.Bxd7+ Ke7
22.Bc6+ Kf6 23.Bd5 Qa8 24.Rf1 Kg5 25.Rfb1 f3 26.Ra7 Qe8 27.Ra8 Qd7 28.Qxd7
Nxd7 29.gxf3 Kf4 30.Rb7 Nf6 31.Rbb8 Nd7 32.Rd8 {#r} 1-0

[Event "Cup Brazilian Chess Club"]
[Site "masterchessopen.com Brasilia (Brazil)"]
[Round "10"]
[White "Coelho Luis (BRA)"]
[Black "Tsuboi Edson Kenji (BRA)"]
[Result "0-1"]
[WhiteElo "2164"]
[BlackElo "2307"]

1.e4 c5 2.Nf3 d6 3.d4 cxd4 4.Nxd4 Nf6 5.Nc3 Nc6 6.Bg5 Bd7 7.Qd2 Rc8 8.O-O-O
Nxd4 9.Qxd4 Qa5 10.Bxf6 gxf6 11.Kb1 Qc5 12.Qd2 Bg7 13.f4 f5 14.e5 Bc6 15.exd6
Rd8 16.Nd5 Rxd6 17.c4 Bxd5 18.cxd5 O-O 19.Be2 Rb6 20.b3 Rb4 21.d6 Rd4 22.Qc2
Qxd6 {#R} 0-1

[Event "Czech League 2000/01 (2nd)"]
[Site "masterchessopen.com Czech Republic"]
[Round "0"]
[White "Sleich Jan (CZE)"]
[Black "Vodicka Vlastimil (CZE)"]
[Result "0-1"]
[WhiteElo "2259"]
[BlackElo "2293"]

1.e4 c5 2.Nf3 d6 3.d4 cxd4 4.Nxd4 Nf6 5.Nc3 Nc6 6.Bg5 Bd7 7.Qd2 Rc8 8.f4 Nxd4
9.Qxd4 Qa5 10.e5 dxe5 11.fxe5 e6 12.O-O-O Rxc3 13.Bd2 Bc5 14.Bxc3 Qxa2 15.Bc4
Bxd4 16.Bxa2 Bxc3 17.bxc3 Ne4 18.Rd4 Nxc3 19.Kb2 Na4+ 20.Ka3 Nc5 21.Rhd1 Ke7
22.Bc4 Bc6 23.g3 Rc8 24.Rg4 g6 25.Rh4 h5 26.Rf4 Nd7 27.Re1 b5 28.Bd3 a5 29.Kb2
Rb8 30.Ra1 a4 31.Rb4 Nb6 32.Rf4 Nd5 33.Rf2 b4 34.Raf1 Be8 35.h3 Rc8 36.Rf3 Rc3
37.R3f2 g5 38.Be4 Rc5 {#R} 0-1

[Event "Cup Yugoslavia"]
[Site "masterchessopen.com Herceg Novi (Montenegro)"]
[Round "1"]
[White "Lekic Dusan (MNE)"]
[Black "Markovic Miroslav (SRB)"]
[Result "0-1"]
[WhiteElo "2402"]
[BlackElo "2558"]

1.e4 c5 2.Nf3 d6 3.d4 cxd4 4.Nxd4 Nf6 5.Nc3 Bd7 6.Bg5 Nc6 7.Qd2 Rc8 8.f4 h6
9.Bxf6 gxf6 10.Nf5 Qa5 11.Ne3 Bg7 12.f5 h5 13.Ncd5 Qxd2+ 14.Kxd2 e6 15.Nf4 Bh6
16.g3 Ne5 17.Bd3 Ng4 18.Nxg4 hxg4 19.fxe6 fxe6 20.Ke2 Bxf4 21.gxf4 Kf7 22.h3
gxh3 23.Rh2 Rh4 24.Rg1 e5 25.f5 d5 26.Ke3 dxe4 27.Bxe4 Rxe4+ 28.Kxe4 Rc4+
29.Kf3 Bxf5 {#R} 0-1

[Event "Ch Hungary (team) 1999/00 (2 liga)"]
[Site "masterchessopen.com Hungary"]
[Round "8"]
[White "Szabo Zsolt Jozsef (HUN)"]
[Black "Deak Sandor (HUN)"]
[Result "1-0"]
[WhiteElo "2458"]
[BlackElo "2337"]

1.e4 c5 2.Nf3 Nc6 3.d4 cxd4 4.Nxd4 Nf6 5.Nc3 d6 6.Bg5 Bd7 7.Qd2 Nxd4 8.Qxd4
Qa5 9.Bd2 a6 10.Nd5 Qd8 11.O-O-O e5 12.Nxf6+ gxf6 13.Qe3 Rc8 14.Kb1 Be6 15.Bc3
Qc7 16.Qd2 Be7 17.f4 Rg8 18.g3 Qc6 19.f5 Bd7 20.Bg2 b5 21.Rhe1 Qb7 22.Bb4 Rc4
23.a3 Bc6 24.Qe2 Kd7 25.b3 Rxb4 26.axb4 Ra8 27.Kb2 Ke8 28.Qh5 Qc7 29.Ra1 Bb7
30.c3 Rc8 31.Rec1 Qb6 32.Qxh7 Qe3 33.Qh8+ Kd7 34.Qh5 d5 35.Qf3 Qh6 36.Qd3 d4
37.cxd4 Rxc1 38.dxe5+ Ke8 39.Rxc1 {#r} 1-0

[Event "It (open)"]
[Site "masterchessopen.com Maspalomas (Spain)"]
[Round "4"]
[White "Santo-Roman Marc (FRA)"]
[Black "Ubilava Elizbar (ESP)"]
[Result "1-0"]
[WhiteElo "2418"]
[BlackElo "2532"]

1.e4 c5 2.Nf3 d6 3.d4 cxd4 4.Nxd4 Nf6 5.Nc3 Nc6 6.Bg5 Bd7 7.Qd2 h6 8.Bxf6 gxf6
9.O-O-O Nxd4 10.Qxd4 Qa5 11.Kb1 Rc8 12.f4 Qc5 13.Qd2 e6 14.Bd3 h5 15.Rhf1 a6
16.Qe1 Rg8 17.e5 d5 18.exf6 Qa5 19.Bh7 Rh8 20.Rxd5 Qb6 21.Rxh5 Bb4 22.Nd5 Qb5
23.Qd1 exd5 24.Bd3 Rxh5 25.Bxb5 Bxb5 26.Qxh5 Bxf1 27.Qxd5 Rc6 28.Qe4+ {#r} 1-0

[Event "Ch Moscow"]
[Site "masterchessopen.com Moscow (Russia)"]
[Round "6"]
[White "Einor Pavel (RUS)"]
[Black "Baikov Vladimir A (RUS)"]
[Result "0-1"]
[WhiteElo "2104"]
[BlackElo "2422"]

1.e4 c5 2.Nf3 d6 3.d4 cxd4 4.Nxd4 Nf6 5.Nc3 Nc6 6.Bg5 Bd7 7.Qd2 Rc8 8.Be2 Nxd4
9.Qxd4 Qa5 10.Be3 a6 11.O-O e5 12.Qd2 Be7 13.Kh1 Be6 14.f4 exf4 15.Bxf4 d5
16.e5 Nd7 17.a3 Qc5 18.Rad1 d4 19.Ne4 Qb6 20.b4 O-O 21.Bd3 Bc4 22.Qe2 Qe6
23.Rd2 Bxd3 24.Rxd3 Nxe5 25.Rxd4 Ng6 26.Qd3 Nxf4 27.Rxf4 Rfd8 28.Rxd8+ Rxd8
29.Qf3 g5 30.Rf5 Qxf5 {#R} 0-1

[Event "It (open)"]
[Site "masterchessopen.com Polanica Zdroj (Poland)"]
[Round "4"]
[White "Fedorchuk Sergey A (UKR)"]
[Black "Miroshnichenko Evgenij (UKR)"]
[Result "1-0"]
[WhiteElo "2408"]
[BlackElo "2509"]

1.e4 c5 2.Nf3 d6 3.d4 Nf6 4.Nc3 cxd4 5.Nxd4 Nc6 6.Bg5 Bd7 7.Qd2 Rc8 8.O-O-O
Nxd4 9.Qxd4 Qa5 10.h4 h6 11.Be3 a6 12.f3 e5 13.Qd2 Be7 14.Kb1 Be6 15.g4 b5
16.Bh3 g5 17.a3 gxh4 18.g5 hxg5 19.Bxg5 b4 20.axb4 Qxb4 21.Bxe6 fxe6 22.Rxh4
Rxh4 23.Bxh4 Rb8 24.b3 Rb6 25.Qd3 Nd7 26.Bf2 Rc6 27.Na4 Kd8 28.Rg1 Ke8 29.Rg8+
Nf8 30.Rg7 Qb5 31.Qd1 d5 32.f4 Rc4 33.Qh5+ Kd8 34.Qf7 Qb4 35.Nc5 Ng6 36.Rg8+
Kc7 37.Nxa6+ {#r} 1-0

[Event "It (open)"]
[Site "masterchessopen.com San Francisco (USA)"]
[Round "4"]
[White "Martinez Marcel (USA)"]
[Black "Evans Bela (USA)"]
[Result "0-1"]
[WhiteElo "2334"]
[BlackElo "2323"]

1.e4 c5 2.Nf3 d6 3.d4 cxd4 4.Nxd4 Nf6 5.Nc3 Nc6 6.Bg5 Bd7 7.Qd2 Rc8 8.O-O-O
Nxd4 9.Qxd4 Qa5 10.Bxf6 gxf6 11.Kb1 Qc5 12.Qd2 f5 13.Bd3 Bg7 14.Nd5 h6 15.Rhe1
a5 16.Qf4 Kd8 17.Qg3 Rg8 18.c3 Bc6 19.Bc2 b5 20.Qf4 Be5 21.Qxf5 Rxg2 22.Ne3
Rg7 23.Qh5 Rg6 24.f4 Bd4 25.Nf5 Bf2 26.Re2 e6 27.Rxf2 Qxf2 28.Nxd6 Rg2 29.Rc1
Qxf4 30.Qc5 Rxc2 31.Rxc2 Qf1+ 32.Rc1 Bxe4+ 33.Nxe4 Qd3+ 34.Ka1 Rxc5 35.Nxc5
{#R} 0-1

[Event "It (open)"]
[Site "masterchessopen.com Sao Paulo (Brazil)"]
[Round "5"]
[White "Vescovi Giovanni (BRA)"]
[Black "Tsuboi Edson Kenji (BRA)"]
[Result "1-0"]
[WhiteElo "2526"]
[BlackElo "2307"]

1.e4 c5 2.Nf3 d6 3.d4 cxd4 4.Nxd4 Nf6 5.Nc3 Nc6 6.Bg5 Bd7 7.Qd2 Rc8 8.f3 Nxd4
9.Qxd4 Qa5 10.h4 a6 11.O-O-O e5 12.Qd2 Be6 13.a3 Be7 14.Kb1 h6 15.Be3 b5 16.g4
Qc7 17.Bh3 Nd7 18.g5 hxg5 19.Bxe6 fxe6 20.Bxg5 Nf6 21.f4 Qc4 22.Bxf6 gxf6
23.f5 d5 24.fxe6 d4 25.Nd5 Qc6 26.Rdg1 Qxe6 27.Rg7 Bd8 28.Qg2 {#r} 1-0

[Event "Cup Pannon"]
[Site "masterchessopen.com Kaposvar (Hungary)"]
[Round "3"]
[White "Neber Akos (HUN)"]
[Black "Videki Sandor (HUN)"]
[Result "0-1"]
[WhiteElo "2228"]
[BlackElo "2404"]

1.e4 c5 2.Nf3 d6 3.d4 cxd4 4.Nxd4 Nf6 5.Nc3 Nc6 6.Bg5 Bd7 7.Qd2 Nxd4 8.Qxd4
Qa5 9.Be3 g6 10.O-O-O Bg7 11.Nd5 O-O 12.Nxe7+ Kh8 13.Bc4 Ng4 14.Qd5 Qc7 15.Bb3
Nxe3 16.fxe3 Rae8 17.Qg5 Qd8 18.Nxg6+ fxg6 19.Qxd8 Rxd8 20.Rxd6 Bc6 21.Rxd8
Rxd8 22.Bd5 Bh6 23.c4 Rf8 24.b4 Rf2 25.b5 Bxe3+ 26.Kb1 Bxd5 27.cxd5 Rxg2
28.Rd1 Rg1 {#R} 0-1

[Event "Ch Ukraine (1/2 final) (open)"]
[Site "masterchessopen.com Alushta (Ukraine)"]
[Round "0"]
[White "Solodovnichenko Yuri (UKR)"]
[Black "Miroshnichenko Evgenij (UKR)"]
[Result "0-1"]
[WhiteElo "2431"]
[BlackElo "2545"]

1.e4 c5 2.Nf3 d6 3.d4 Nf6 4.Nc3 cxd4 5.Nxd4 Nc6 6.Bg5 Bd7 7.Qd2 Rc8 8.O-O-O
Nxd4 9.Qxd4 Qa5 10.f4 Rxc3 11.bxc3 e5 12.Qc4 d5 13.exd5 Ba3+ 14.Kd2 Nxd5
15.Re1 f6 16.Rb1 O-O 17.Rxb7 Rc8 18.Rxa7 Qxa7 19.Qxd5+ Kh8 20.Bh4 Bc6 21.Qe6
Bc1+ 22.Ke1 Qe3+ 23.Be2 Rd8 24.Bf2 Rd1+ {#R} 0-1

[Event "Ch Romania (w)"]
[Site "masterchessopen.com Baile Tusnad (Romania)"]
[Round "6"]
[White "Peptan Corina-Isabela (ROM)"]
[Black "Ciobanu Camelia (ROM)"]
[Result "1-0"]
[WhiteElo "2462"]
[BlackElo "2239"]

1.e4 c5 2.Nf3 Nc6 3.d4 cxd4 4.Nxd4 Nf6 5.Nc3 d6 6.Bg5 Bd7 7.Qd2 Rc8 8.Nb3 a5
9.Bb5 Ne5 10.f4 Nc4 11.Bxc4 Rxc4 12.Bxf6 gxf6 13.Qd5 Rxc3 14.bxc3 Bc6 15.Qd3
Rg8 16.O-O f5 17.Nd2 Qb6+ 18.Kh1 Bg7 19.Rg1 Qc5 20.e5 dxe5 21.Qxf5 e6 22.Qxh7
Kf8 23.Qh4 Qe7 24.Qf2 e4 25.Qe3 f5 26.Nc4 a4 27.Rab1 b5 28.Qb6 Bd7 29.Nd6 Bxc3
30.Nxb5 Bd2 31.Qb8+ Kf7 32.Qe5 e3 33.Nd6+ Kg6 34.Nc4 Rg7 35.Qd4 Rh7 36.Ne5+
Kh6 37.Nxd7 e5 38.Nxe5 {#r} 1-0

[Event "It (cat.7)"]
[Site "masterchessopen.com Budapest (Hungary)"]
[Round "11"]
[White "Berkes Ferenc (HUN)"]
[Black "Horvath Adam (HUN)"]
[Result "0-1"]
[WhiteElo "2541"]
[BlackElo "2490"]

1.e4 c5 2.Nf3 d6 3.d4 cxd4 4.Nxd4 Nf6 5.Nc3 Nc6 6.Bg5 Bd7 7.Qd2 Rc8 8.O-O-O
Nxd4 9.Qxd4 Qa5 10.f4 Rxc3 11.bxc3 e5 12.Qb4 Qxb4 13.cxb4 Nxe4 14.Bc4 h6
15.Bh4 g5 16.fxg5 hxg5 17.Be1 b5 18.Bd5 Nf6 19.Bb7 Ng4 20.Bf3 Ne3 21.Rd3 g4
22.Bb7 Nc4 23.Bf2 Bh6+ 24.Kb1 f5 25.a4 e4 26.Rd4 Bg7 27.Rdd1 bxa4 28.Bxa7 Na3+
29.Kc1 Nb5 30.Be3 Be5 31.g3 Nc3 32.Rdf1 a3 33.Kd2 a2 34.Ba6 Nb1+ 35.Rxb1
axb1=Q 36.Rxb1 Rxh2+ 37.Be2 Bb5 {#R} 0-1

[Event "It"]
[Site "masterchessopen.com Cannes (France)"]
[Round "5"]
[White "Delabaca Romuald (FRA)"]
[Black "Caposciutti Maurizio (ITA)"]
[Result "1-0"]
[WhiteElo "2122"]
[BlackElo "2356"]

1.e4 c5 2.Nf3 Nc6 3.d4 cxd4 4.Nxd4 Nf6 5.Nc3 d6 6.Bg5 Bd7 7.Qd2 Rc8 8.Nb3 a6
9.f4 e6 10.O-O-O Be7 11.Qe1 Qc7 12.Bd3 b5 13.Kb1 b4 14.Ne2 a5 15.Nbd4 Nxd4
16.Nxd4 Qc5 17.Nf3 a4 18.e5 dxe5 19.Nxe5 Bb5 20.Bxb5+ Qxb5 21.f5 Rc5 22.Nxf7
Kxf7 23.Qxe6+ Kf8 24.Rhe1 Rc7 25.Bf4 Rb7 26.Qc8+ Ne8 27.f6 gxf6 28.Bh6+ Kf7
29.Qe6+ Kg6 30.Rd5 Qb6 31.Qg4+ Kf7 32.Qh5+ {#r} 1-0

[Event "It (open)"]
[Site "masterchessopen.com Dubai (United Arab Emirates)"]
[Round "5"]
[White "Sharma Dinesh K (IND)"]
[Black "Shabash Abdullatief Mohamed (LBA)"]
[Result "1-0"]
[WhiteElo "2380"]
[BlackElo "2211"]

1.e4 c5 2.Nf3 d6 3.d4 cxd4 4.Nxd4 Nf6 5.Nc3 Nc6 6.Bg5 Bd7 7.Qd2 Rc8 8.Be2 Nxd4
9.Qxd4 a6 10.O-O Qa5 11.Be3 e6 12.f4 Be7 13.Rad1 e5 14.fxe5 dxe5 15.Qd3 Be6
16.Nd5 Bxd5 17.exd5 e4 18.Qb3 Bc5 19.a3 b5 20.Bxc5 Rxc5 21.Kh1 O-O 22.Rxf6
gxf6 23.Qg3+ Kh8 24.b4 {#r} 1-0